Tropical pasture and fodder plants: Grasses and legumes (Record no. 27327)

MARC details
000 -LEADER
fixed length control field 00385nam a2200133Ia 4500
082 ## - DEWEY DECIMAL CLASSIFICATION NUMBER
Classification number 633.2.033+635.116(213.5)
Item number BOG
100 ## - MAIN ENTRY--AUTHOR NAME
Personal name BOGDAN, A V
245 #0 - TITLE STATEMENT
Title Tropical pasture and fodder plants: Grasses and legumes
260 ## - PUBLICATION, DISTRIBUTION, ETC. (IMPRINT)
Place of publication London
Name of publisher Longman
Year of publication 1977
490 ## - SERIES STATEMENT
Series statement Tropical agriculture series
650 ## - SUBJECT ADDED ENTRY--TOPICAL TERM
Topical Term Fodder plants
942 ## - ADDED ENTRY ELEMENTS (KOHA)
Koha item type Books
Holdings
Withdrawn status Lost status Damaged status Not for loan Home library Current library Date acquired Full call number Accession Number Koha item type
        RRII Library RRII Library 16/12/2021 633.2.033+635.116(213.5) BOG 07953 Books